000 01493nam0a2200337 4500
001 RU\NLR\bibl\939562
005 20250614194442.0
010 _a5-17-035132-1
_bАСТ
010 _a5-9713-1502-1
_bАСТ Москва
010 _a5-9578-3526-9
_bТранзиткнига
_95000
021 _aRU
_b2006-16044
_9789
035 _a(NLR Aleph) 000927748
090 _a140318
_c140318
100 _a20060427d2006 |||y0rusy50 ca
101 0 _arus
102 _aRU
105 _ay |||||||||
200 1 _aМалый бедекер по НФ, или Книга о многих превосходных вещах
_fГеннадий Прашкевич
210 _aМосква
_cАСТ [и др.]
_d2006
215 _a798, [1] с.
_d21
225 1 _aЗвездный лабиринт: коллекция
327 1 _aСодерж.: Золотой миллиард; Дыша духами и туманами; Земля навылет (Последнее расследование майора Моро); Подкидыш ада; Малый бедекер по НФ, или Книга о многих превосходных вещах
517 0 _aКнига о многих превосходных вещах
686 _aШ6(2=Р)75-445
700 1 _aПрашкевич
_bГ. М.
_f1941-
_gГеннадий Мартович
_4070
801 0 _aRU
_bNLR
_c20060427
_grcr
801 1 _aRU
_bNLR
_c20060427
942 _cBOOK
980 _aNB